[Event "Tata Steel-A 77th"]
[Site "Wijk aan Zee"]
[Date "2015.01.25"]
[Round "13"]
[White "Hou, Yifan"]
[Black "Ivanchuk, Vassily"]
[Result "1/2-1/2"]
[WhiteElo "2673"]
[BlackElo "2715"]
[Annotator "Havasi,G"]
[PlyCount "60"]
[EventDate "2015.01.10"]
[EventType "tourn"]
[EventRounds "13"]
[EventCountry "NED"]
[EventCategory "20"]
[SourceTitle "CBM 165"]
[Source "ChessBase"]
[SourceDate "2015.03.11"]
[SourceVersion "1"]
[SourceVersionDate "2015.03.11"]
[SourceQuality "1"]

1. e4 e5 2. Bc4 Nf6 3. d3 Bc5 4. Nf3 Nc6 5. O-O d6 6. c3 a6 {This move is very
typical: to move the B back to a7, preventing d4.} (6... O-O {is the main line.
}) 7. Bb3 (7. b4 Ba7 $13) 7... Ba7 8. Re1 (8. Nbd2 O-O 9. h3 h6 (9... Ne7 10.
Re1 Ng6 11. d4 (11. Nf1 h6 12. d4 Re8 $13 {1/2 (35) Alekseev,E (2698)-Matlakov,
M (2700) St Petersburg RUS 2013}) 11... Re8 12. Bc2 Bd7 13. Nf1 d5 14. Nxe5
Nxe4 15. Nxg6 hxg6 $11 {1/2 (22) Andriasian,Z (2610)-Michalik,P (2577)
Groningen NED 2013}) 10. Re1 Re8 11. Nf1 Be6 12. Bc2 d5 $132 {1/2 (36) Gelfand,
B (2720)-Kramnik,V (2788) Moscow 2008}) 8... O-O 9. h3 Be6 (9... Ne7 {is a
usual move to move the N to g6} 10. Nbd2 Ng6 11. Nf1 Re8 $11) (9... h6 {
is also a typical move.}) 10. Nbd2 (10. Bc2 {is the most usual move to avoid
the exchange of Bs} h6 11. Nbd2 Re8 $13) 10... Bxb3 (10... h6 {is also good,
which keeps the tension.}) 11. axb3 (11. Qxb3 {was also played} Qd7 12. Nf1 h6
13. Ng3 Rfe8 $13 {1/2 (41) Pruijssers,R (2529)-Michalik,P (2584) Eppingen GER
2014}) 11... d5 12. Qe2 (12. exd5 Qxd5 13. Ne4 Qe6 14. Nxf6+ Qxf6 $11 {1/2 (49)
Galdunts,S (2506)-Aronian,L (2648) France 2004}) 12... Qd7 13. Nf1 d4 $146 {
This is a good move, Black tries to complicate the position.} (13... h6 {
was played in a previous game, it's also good} 14. Ng3 Rad8 $11 {1/2 (44) Van
Weersel,A (2186)-Ferguson,M (2379) England 2011}) 14. b4 (14. Ng3 Ne8 $1 $13 {
/\ Nd6}) 14... Rad8 (14... Ne8 {followed by Nd6 is also good} 15. c4 Nd6 16.
Bd2 f6 $13) 15. Rd1 Ne8 $1 16. Ng3 (16. c4 Nd6 17. Bd2 f6 $13) 16... f6 17. Qe1
{White prepares for c4.} Kh8 (17... Nd6 18. c4 Rfe8 $13) 18. c4 Bb8 {Black
moves the B away from the a-file and wants to improve his position.} (18... Nd6
{is also good immediately}) 19. h4 $1 {White's best, but the position is equal.
} Nd6 (19... Ne7 {is also good followed by c6, Bc7}) 20. h5 Rde8 21. c5 (21.
Bd2 $1 {is a better try, as White has a very slight, but lasting advantage
after Nh4} Nd8 22. Qe2) 21... Nc8 22. Nh4 N8e7 23. Bd2 Qg4 24. Nhf5 (24. Nf3 {
is better} h6 25. Qe2 f5 26. exf5 Nxf5 27. Qe4 Qxe4 28. Nxe4 $14 {White has a
slight advantage, but it won't be enough to win the game.}) 24... Nxf5 25. exf5
Ne7 26. Qe4 Qxe4 27. Nxe4 c6 (27... Nxf5 {leads to draw} 28. c6 Nd6 29. Nc5 Ba7
$1 30. Nxb7 Nxb7 31. Rxa6 Bb6 32. cxb7 $11) 28. g4 Nd5 29. Kf1 h6 30. Ke2 Kg8
1/2-1/2

[Event "UKR-ch 83rd"]
[Site "Lvov"]
[Date "2014.11.11"]
[Round "1"]
[White "Ivanchuk, Vassily"]
[Black "Kryvoruchko, Yuriy"]
[Result "1/2-1/2"]
[WhiteElo "2726"]
[BlackElo "2706"]
[Annotator "Havasi,G"]
[PlyCount "109"]
[EventDate "2014.11.11"]
[EventType "tourn"]
[EventRounds "11"]
[EventCountry "UKR"]
[EventCategory "17"]
[SourceTitle "CBM 164"]
[Source "ChessBase"]
[SourceDate "2015.01.15"]
[SourceVersion "1"]
[SourceVersionDate "2015.01.15"]
[SourceQuality "1"]

1. e4 e5 2. Nf3 Nc6 3. Bc4 Bc5 4. O-O {White chooses the positional line, 4.c3
would be the sharper move.} Nf6 5. d3 d6 6. c3 a6 {This is a normal waiting
move, it will be useful to have the possibility of playing Ba7 and preventing
d4, which can be unpleasant if the B is on c5.} (6... O-O {is the most popular
move.}) 7. Bb3 Ba7 8. Re1 h6 {A normal prophylactic move} ({The immediate} 8...
O-O {is the most popular move} 9. h3 h6 10. Nbd2 Re8 11. Nf1 Be6 12. Ng3 Bxb3
13. Qxb3 Rb8 $15 {Kamsky-Jakovenko, Loo 2014}) 9. Nbd2 O-O 10. Nf1 Be6 (10...
Re8 {is also usual}) (10... Ne7 {is also typical to move the N to g6} 11. Ng3
Ng6 12. Be3 Bxe3 13. Rxe3 c6 $11 {Grischuk-Lautier, Biel 2001}) (10... Nh5 {
is the active try} 11. Be3 Qf6 12. Bxa7 Rxa7 13. Ne3 Nf4 $13 {Jakubiec-Jaracz,
Zakopane 2000}) 11. Be3 ({If White avoids the exchange with} 11. Bc2 {Black
can play} Re8 {or} (11... Ne7 12. Ng3 Ng6 $13 {Degraeve-Delorme, Marseille 2010
}) 12. h3 d5 13. Qe2 Qd7 14. Ng3 Rad8 $13 {Michiels-Lalic, Metz 2011}) (11. Ng3
{is the most popular move. Black got nice play after} Qd7 12. Be3 Bxe3 13. fxe3
Rfe8 14. Qe2 Rad8 15. Bxe6 Qxe6 16. c4 Ne7 17. Nh4 c6 $132 {followed by d5,
Kovalev-Kryvoruchko, Dubai 2014.}) 11... Qd7 ({Taking on e3 is also possible:} 
11... Bxe3 12. Nxe3 Qd7 13. Qe2 Bxb3 14. axb3 a5 15. Rad1 Rfe8 $13 {
Potapov-Malakhov, Olginka 2011}) 12. Ba4 {White pins the knight and provokes
b5.} (12. Bxa7 {was played in a game} Rxa7 13. Ng3 Raa8 14. Bc2 Rad8 $13 {
Woudt-Lacrosse, Ghent 2012}) 12... b5 13. Bc2 Ne7 $146 {This is the novelty.} (
13... Bxe3 {has been played before} 14. Nxe3 Ng4 (14... Rfe8 15. d4 $14) (14...
d5 {seems interesting, as otherwise White plays d4 and gets strong in the
centre} 15. exd5 Bxd5 $1 (15... Nxd5 16. Nxd5 Bxd5 17. Nxe5) 16. Nxd5 Qxd5 {
and White should have a little advantage, but the position isn't so easy.}) 15.
d4 Nxe3 16. Rxe3 Bg4 17. h3 Bxf3 18. Rxf3 Qe7 19. Qd2 Na5 20. b3 $14 {with a
pleasant position for White, because of his strong pawn centre,
Valkesalmi-Bjerke, Espoo 1988.}) 14. d4 {White occupies the centre and wants
to improve his position.} ({White shouldn't exchange the Bs before d4, as his
B seems more useful in this position:} 14. Bxa7 Rxa7 15. d4 Ng6 $11) 14... Ng6
{Black wants to hold the centre.} ({If Black gives up the centre, White also
has some advantage after} 14... exd4 15. cxd4 (15. Nxd4 {is also good
according to the computer, but taking with the P is more human} Rfe8 16. h3 $14
) 15... d5 16. e5 Ne4 17. Ng3 Nxg3 18. hxg3 Bf5 19. Bxf5 Nxf5 20. Rc1 $14) 15.
h3 $1 {White prevents Ng4 or Bg4.} c6 16. Ng3 Qc7 17. Qd2 $14 {White has
achieved a dream position. He has a strong centre and Black's a7-bishop is
slightly passive. He will follow up with Rad1 and Nf5.} Rfe8 18. Nf5 $1 {
White immediately seizes the initiative. White has a serious advantage.} (18.
Rad1 $5 {is also good.}) 18... Bxf5 (18... d5 {was an interesting try, but
White is slightly better after} 19. exd5 Bxf5 20. Bxf5 exd4 21. Bxd4 Bxd4 22.
Qxd4 $14) (18... exd4 {loses to} 19. Bxh6 $3 $40) 19. exf5 Nf4 (19... Nf8 {
is no better} 20. Bxh6 $1 N8h7 (20... gxh6 21. Qxh6 $40) 21. Be3 $16) 20. Bxf4
exf4 21. Qxf4 $16 Rxe1+ ({In the event of} 21... c5 {White has many good plans,
I like} 22. Bb3 $1 Rac8 23. Rad1 $16) 22. Rxe1 Re8 23. Rxe8+ Nxe8 24. g4 $1 {
White starts the decisive attack.} Kf8 (24... Nf6 25. h4 $40) 25. h4 f6 26. d5
$1 {White wants to change the character of the position favourably. In the
event of simple moves, the position may become hard to win after after Black's
...d5.} (26. g5 {isn't so good} hxg5 27. hxg5 d5 28. Qe3 Bb8 {and White's task
isn't so easy.}) 26... cxd5 27. Bb3 Qf7 28. g5 {This move takes unnecessary
risks.} (28. Nd4 $16 {is more simple.}) 28... hxg5 29. hxg5 Qe7 $1 30. Kf1 $6 (
30. gxf6 {was still better} Nxf6 31. Kf1 $14 {and there is no unpleasant ...
Qe4.}) 30... Qe4 $1 31. Qxe4 dxe4 32. Nd2 e3 33. Ne4 fxg5 $11 {Black has
equalised.} 34. f3 Ke7 35. Ke2 g4 {A good move, which leads to a draw, but
there was no need to play this move.} (35... Nf6 36. Nxg5 Nh5 37. Ne6 Ng3+ 38.
Ke1 Kf6 39. Nc7 Nxf5 40. Nxa6 Nh4 $11) (35... Nc7 36. Nxg5 d5 $11) 36. fxg4 Nf6
37. Nxf6 gxf6 $11 {The position is of course equal.} 38. Bd5 Kd7 39. b4 Bb6 40.
Bb7 a5 41. a3 axb4 42. axb4 Kc7 43. Be4 Kd7 44. Kf3 Kc7 45. Bd5 Kd7 46. Bf7 Ke7
47. Be6 Kd8 48. Ke2 Kc7 49. Kd3 Kd8 50. c4 bxc4+ 51. Bxc4 Kd7 52. Bb5+ Kc7 53.
Ke4 d5+ 54. Kxd5 e2 55. Bxe2 1/2-1/2

[Event "Jinan 3 Arrows Cup"]
[Site "Jinan"]
[Date "2003.09.19"]
[Round "3"]
[White "Xu, Yuhua"]
[Black "Short, Nigel D"]
[Result "0-1"]
[WhiteElo "2475"]
[BlackElo "2701"]
[Annotator "Hecht,H"]
[PlyCount "178"]
[EventDate "2003.09.17"]
[EventType "schev"]
[EventRounds "4"]
[EventCountry "CHN"]
[SourceTitle "CBM 098"]
[Source "ChessBase"]
[SourceDate "2004.02.03"]
[SourceVersion "1"]
[SourceVersionDate "2004.02.03"]
[SourceQuality "1"]

1. e4 e5 2. Nf3 Nc6 3. Bc4 Bc5 4. c3 Nf6 5. d3 a6 6. O-O Ba7 7. Bb3 O-O 8. h3
d5 9. exd5 Nxd5 10. Re1 f6 11. Nbd2 Kh8 12. Ne4 Be6 13. Ng3 Qd7 14. Nh4 Rad8
15. Qh5 Bf7 16. Qf3 Nde7 17. Bc2 Bd5 18. Qh5 Bf7 19. Qf3 Bd5 20. Qh5 Qe8 21.
Qe2 Qf7 22. Be3 Rfe8 23. Ne4 Bxe3 24. fxe3 Bxe4 25. dxe4 Na5 26. Bd3 c5 27. b4
c4 28. Bc2 Nac6 29. a4 g6 30. Nf3 Nc8 31. Red1 Qe6 32. Rd2 Rxd2 33. Nxd2 Nd6
34. Qf1 Kg7 35. Bd1 a5 36. bxa5 Nxa5 37. Rb1 Qc8 38. Rb4 Qc5 39. Qe2 Re7 40.
Kh2 Rc7 41. Bc2 Nc6 42. Rb1 Nb8 43. Nf1 Qa3 44. Qd2 Rd7 45. Qe1 Na6 46. Ng3 Nc5
47. Rb4 Na6 48. Rb1 h5 49. h4 Kf7 50. Rb6 Ke7 51. Kh3 Nc5 52. Rb4 Nd3 53. Bxd3
cxd3 54. Qd2 Nc8 55. Nh1 Na7 56. Nf2 Nc6 57. Rb5 Qxa4 58. Rd5 Qc2 59. Qxd3 Qxd3
60. Nxd3 Rxd5 61. exd5 {[#] Anfällige schwarze Bauernstruktur trotz des
gedeckten Freibauern d5.} Na5 62. e4 (62. Nb2 b5 {[%cal Gb5c4]}) 62... Nc4 63.
g4 (63. Kg3 Nd2 {[%csl Re4,Gf3]} 64. Nf2 Kd6 $19 {zeigt die Schwierigkeiten
klar auf: die weißen Figuren behindern sich.}) 63... Nd2 64. Nf2 b5 {[#]
fixiert den Bc3 und stellt Weiß vor eine sehr schwierige Entscheidung.} 65. g5
{Kostet einen Bauern, schafft aber die angreifbare Schwäche e5, in der
Hoffnung, die schwarzen Figuren binden zu können.} (65. gxh5 gxh5 66. Kg2 Kd6
67. Kg3 {beweist zwar erneut die Ohnmacht des eingesperrten weißen Königs,
doch auch der schwarze König kann wegen des gedeckten Freibauern d5 nicht so
ohne weitereres auf Bauernjagd (c3) gehen.} f5 $1 68. exf5 Kxd5 69. Nd1 (69.
Kg2 e4 70. f6 (70. Nd1 Ke5 71. Ne3 Nc4 72. Nc2 Kxf5 73. Nd4+ Kg4 74. Nxb5 Kxh4
$19 {wegen dem klotzigen Sc4}) 70... Ke6 71. Kg3 e3 72. Nd3 Kxf6 73. Kf4 e2 74.
Ke3 Nb1 75. Kxe2 Nxc3+ {und wegen der geringen Bauernmasse muss sich Schwarz
gehörig strecken}) 69... Kd6 70. Kf2 Ke7 71. Ke3 Nc4+ 72. Ke4 Kf6 73. Nf2 {
Hier bieten sich Weiß trotz Sd2+ noch die besten Überlebenschancen, die in der
geringen Bauernzahl und dem möglichen Spiel gegen den Bb5 bestehen.}) ({
Dagegen scheidet das Abwarten mittels} 65. Kg3 hxg4 66. Kxg4 Nxe4 $1 67. Nxe4
f5+ 68. Kf3 fxe4+ 69. Ke3 Kd7 $1 {wegen Zugzwang aus.}) 65... fxg5 66. hxg5 Nf3
67. Nd3 Nxg5+ 68. Kh4 Nf7 69. Nb4 Kf6 70. Nd3 Nd6 71. Nc5 Kg7 72. Kg5 Nf7+ 73.
Kh4 Kh6 74. Nb7 g5+ 75. Kg3 Kg7 {kommt rechtzeitig zurück, um den d-Bauern
aufzuhalten} 76. Nc5 Kf6 77. Kf3 Ke7 78. Nb3 (78. Ne6 g4+ 79. Kg3 Nd6 80. Nc5
Nc4 81. Nb3 {[%csl Gd2]} (81. Nd3 Nd2 82. Nf2 Kd6 ({Zu prüfen ist der Wartezug
} 82... Kd7 $5 83. Kh4 Kd6 84. Kg3 Nxe4+ 85. Nxe4+ Kxd5 86. Nd2 e4 87. Kf4 {
und es gibt ein weiteres Endspiel mit drei Bauern vs Springer zu sehen, das
Schwarz mit g3 oder h4 gewinnen könnte.}) 83. Kh4 Nxe4 84. Nxe4+ Kxd5 85. Ng3
Kc4 86. Kxh5 Kxc3 87. Kxg4 b4 88. Ne4+ $11)) 78... Kd6 79. Na5 Kc5 80. Ke3 g4
$19 {weil die "Verbundenen" nicht mehr zu stoppen sind.} 81. Kd3 h4 82. Nb3+
Kb6 83. Ke3 Nd6 84. Nc1 Nc4+ 85. Kf2 Kc5 86. Nd3+ Kd6 87. Ne1 Nd2 88. Ke3 h3
89. Nd3 h2 0-1

[Event "Abu Dhabi op 13th"]
[Site "Abu Dhabi"]
[Date "2003.08.23"]
[Round "7"]
[White "Al Sayed, Mohammed"]
[Black "Gokhale, Chandrashekhar"]
[Result "0-1"]
[WhiteElo "2455"]
[BlackElo "2357"]
[Annotator "Hecht,H"]
[PlyCount "170"]
[EventDate "2003.08.16"]
[EventType "swiss"]
[EventRounds "9"]
[EventCountry "UAE"]
[SourceTitle "CBM 097"]
[Source "ChessBase"]
[SourceDate "2003.11.11"]
[SourceVersion "1"]
[SourceVersionDate "2003.11.11"]
[SourceQuality "1"]

1. e4 e5 2. Nf3 Nc6 3. Bc4 Bc5 4. c3 Nf6 5. d3 a6 6. O-O d6 7. Bb3 Ba7 8. Nbd2
O-O 9. h3 h6 10. Re1 Nh5 11. Nf1 Qf6 12. Be3 Nf4 13. Ng3 g6 14. d4 h5 15. Bd5
Ne7 16. Bxf4 Qxf4 17. Bb3 Kg7 18. Qd3 c5 19. Rad1 Nc6 20. Ne2 Qf6 21. dxe5 Nxe5
22. Nxe5 dxe5 23. c4 Be6 24. Nc3 Rad8 25. Nd5 Bxd5 26. exd5 Bb8 27. Qf3 Qd6 28.
Kf1 f5 29. g3 Qf6 30. Qc3 h4 31. Rd3 Rh8 32. gxh4 Rxh4 33. Rg3 Rd4 34. Bc2 e4
35. Rg2 Be5 36. Qb3 b6 37. f3 exf3 38. Rf2 Bg3 39. Re6 Qg5 40. Rxf3 Bh4 41. Bd3
b5 42. Be2 Rd7 43. Qc3 b4 44. Qe3 Qxe3 45. Rfxe3 Bg5 46. Rg3 Bf6 47. Bd3 a5 48.
b3 Rf4+ 49. Ke2 Re7 50. Rxe7+ Bxe7 51. Re3 Kf7 52. Re6 Rh4 53. Rc6 Rxh3 54. d6
Bg5 55. Bb1 Rh1 56. Bd3 Rh2+ 57. Kf1 Rd2 58. Be2 Be3 59. Ke1 Rxa2 60. Bf3 a4
61. Bd5+ Kg7 62. Rc7+ Kh6 63. bxa4 Bf4 64. Rxc5 Bxd6 65. Rc6 b3 66. Rxd6 b2 67.
Rb6 Ra1+ 68. Kd2 b1=Q 69. Rxb1 Rxb1 70. c5 Rb4 71. Kc3 Rxa4 72. c6 Ra7 73. Kd4
Kg5 74. Ke5 Re7+ 75. Kd6 Kf6 76. c7 Rxc7 77. Kxc7 Ke5 78. Kc6 g5 79. Kc5 g4 80.
Kc4 f4 81. Bc6 f3 82. Kd3 Kf4 83. Kd2 Kg3 84. Ke1 $4 {[%mdl 20480]} (84. Ke3 {
only the double attack on f3 is sufficient for the draw. nur der zweifache
Angriff gegen f3 hält remis}) 84... Kg2 85. Kd2 (85. Bd5 Kg1 $19) 85... Kf2 0-1

[Event "EU-ch 1st"]
[Site "Saint Vincent"]
[Date "2000.07.13"]
[Round "10"]
[White "Kuczynski, Robert"]
[Black "Bauer, Christian"]
[Result "0-1"]
[WhiteElo "2479"]
[BlackElo "2562"]
[Annotator "Hecht,H"]
[PlyCount "188"]
[EventDate "2000.07.03"]
[EventType "swiss"]
[EventRounds "11"]
[EventCountry "ITA"]
[SourceTitle "CBM 078"]
[Source "ChessBase"]
[SourceDate "2000.10.18"]
[SourceVersion "1"]
[SourceVersionDate "2000.10.18"]
[SourceQuality "1"]

1. e4 e5 2. Nf3 Nc6 3. Bc4 Nf6 4. d3 Bc5 5. c3 a6 6. O-O Ba7 7. Bb3 O-O 8. Nbd2
d6 9. h3 Ne7 10. Re1 Ng6 11. Nf1 b5 12. Ng3 Bb7 13. Nh2 Nd7 14. Qh5 Qh4 15.
Qxh4 Nxh4 16. Bg5 Ng6 17. Nf5 Nc5 18. Bc2 Ne6 19. Be3 Bxe3 20. fxe3 Rfe8 21. a4
Ngf8 22. Ra3 g6 23. Nh4 Nd7 24. Rea1 Nb6 25. Ng4 Kg7 26. axb5 axb5 27. Ra7 Reb8
28. R1a5 Rxa7 29. Rxa7 Nc5 30. Ra2 b4 31. cxb4 Na6 32. Ra3 Nxb4 33. Bd1 Ba6 34.
Nf2 Ra8 35. d4 Nc4 36. Rc3 Ra7 37. Nf3 Nxb2 38. dxe5 Nxd1 39. Nxd1 dxe5 40.
Nxe5 Bc8 41. Nf2 Be6 42. Nfd3 Nxd3 43. Nxd3 Kf6 44. Nb4 Rb7 45. Na6 Ke5 46.
Nxc7 Kxe4 47. Na6 Ke5 48. Nc5 Rb1+ 49. Kf2 Bd5 50. Nd3+ Kd6 51. Ne1 h5 52. Rc2
Be4 53. Ra2 f6 54. Nf3 Rc1 55. Ra6+ Ke7 56. Ra7+ Kf8 57. Rd7 g5 58. Rd4 Bc6 59.
Rd2 Ke7 60. Nd4 Be4 61. Ne2 Ra1 62. Ng3 Bg6 63. Rb2 h4 64. Ne2 Bd3 65. Rd2 Ba6
66. e4 Ra3 67. Nd4 Bd3 68. Nc2 Rc3 69. Nb4 Bxe4 70. Nd5+ Bxd5 71. Rxd5 {
[#] Weiß verliert diese Remispositon, nachdem er dreimal Remisfortsetzungen
auslässt} Ke6 72. Ra5 Rd3 73. Rb5 Rd5 74. Rb6+ Ke5 75. Rb2 Ke4 76. Re2+ Kf4 77.
Ra2 Rd4 78. Rb2 f5 79. Ra2 Rd3 80. Ra4+ Ke5 81. Ra5+ Ke4 82. Ra2 g4 83. hxg4
fxg4 84. Ra4+ Rd4 {[%mdl 20736] [#]} 85. Ra2 {Verpasster Übergang ins
Bauernendspiel!} (85. Rxd4+ Kxd4 86. Ke2 Ke4 87. Kf2 Kd3 (87... Kf4 88. g3+
hxg3+ 89. Kg2 $11) 88. Kf1 Ke3 89. Ke1 (89. Kg1 $2 Ke2 90. Kh2 Kf2 91. Kh1 Kf1
92. Kh2 g3+ 93. Kh1 h3 $19) 89... g3 90. Kf1 Kd2 91. Kg1 Ke2 92. Kh1 h3 93. Kg1
$1 $11) 85... g3+ 86. Ke2 Rb4 87. Ra8 $2 {[%mdl 20736]} (87. Ra1 $1 {
Verteidigung analog dem Endspiel Turm gegen Turm + g-Bauer.} Rb2+ 88. Kf1 Rf2+
89. Kg1 Rc2 90. Kf1 Ke3 91. Ra3+ Kd2 92. Ra1 $11) 87... Rb2+ 88. Kf1 Rf2+ $2 (
88... Rb1+ 89. Ke2 h3 $19) 89. Kg1 Rb2 90. Kf1 $2 (90. Ra1 $1 $11) 90... Rb1+
91. Ke2 h3 92. Ra4+ Ke5 93. Ra5+ Kd6 94. Ra6+ Kc7 0-1

[Event "Alushta3"]
[Site "Alushta"]
[Date "1994.??.??"]
[Round "9"]
[White "Beshukov, Sergei"]
[Black "Margolin, Boris"]
[Result "1/2-1/2"]
[WhiteElo "2480"]
[BlackElo "2385"]
[Annotator "Hecht,H"]
[PlyCount "127"]
[EventDate "1994.??.??"]
[EventType "tourn"]
[EventRounds "11"]
[EventCountry "UKR"]
[EventCategory "8"]
[SourceTitle "CBM 041"]
[Source "ChessBase"]
[SourceDate "1994.08.01"]
[SourceVersion "1"]
[SourceVersionDate "1994.08.01"]
[SourceQuality "1"]

1. e4 e5 2. Nf3 Nc6 3. Bc4 Bc5 4. c3 Nf6 5. d3 d6 6. Nbd2 a6 7. Bb3 Ba7 8. Nf1
Ne7 9. Ng3 Ng6 10. O-O O-O 11. Be3 h6 12. h3 Be6 13. d4 Re8 14. Re1 c6 15. Nh2
Qc7 16. Ng4 Nxg4 17. hxg4 Rad8 18. d5 Bxe3 19. Rxe3 cxd5 20. exd5 Bc8 21. Bc2
Nf4 22. Nf5 Qc5 23. Be4 b5 24. Qf3 a5 25. Kh2 b4 26. g3 Ng6 27. Kg2 Ne7 28.
Nxe7+ Rxe7 29. g5 f5 30. gxf6 Rf7 31. cxb4 axb4 32. Qd1 Rxf6 33. Rc1 Qa7 34.
Qb3 Rdf8 35. Rc2 Qf7 36. Rf3 Rxf3 37. Qxf3 Qxf3+ 38. Bxf3 Bh3+ 39. Kxh3 Rxf3
40. Kg2 Rd3 (40... b3 41. axb3 Rxb3 42. Rc6 Rxb2 43. Rxd6 $10) 41. Rc8+ Kf7 42.
Rb8 Rxd5 43. Rxb4 Ra5 44. a4 d5 45. b3 Kf6 46. Kf3 h5 47. Ke3 Kf5 48. f3 d4+
49. Kd2 g5 50. Rb8 g4 51. Rf8+ Ke6 52. f4 e4 53. Re8+ Kf5 54. Rg8 Kf6 55. Rd8
h4 56. Rxd4 hxg3 57. Rxe4 Kf5 58. Re1 (58. Re5+ Kxf4 59. Rxa5 g2 $19) 58...
Kxf4 59. Rf1+ Ke4 60. Ke2 Rh5 61. Re1 Rh2+ 62. Kf1+ Kf3 63. Kg1 Rg2+ 64. Kf1
1/2-1/2